50 największych miast w Polsce - Statystyki

Ogólne statystyki
  • Ten quiz został rozwiązany 435 razy
  • Średni wynik to 38 z 50
Statystyki odpowiedzi
Msc. Województwo Miasto L. Mieszkańców % Poprawnych
1. Mazowieckie Warszawa 1 861 644
99%
2. Małopolskie Kraków 804 237
97%
3. Dolnośląskie Wrocław 674 132
97%
6. Pomorskie Gdańsk 486 492
96%
4. Łódzkie Łódź 655 279
96%
5. Wielkopolskie Poznań 540 146
96%
11. Ślaskie Katowice 279 119
95%
12. Pomorskie Gdynia 242 141
94%
8. Lubelskie Lublin 330 447
94%
7. Zachodnio-Pomorskie Szczecin 390 278
94%
10. Podlaskie Białystok 292 058
92%
9. Kujawsko-Pomorskie Bydgoszcz 328 370
91%
27. Opolskie Opole 126 300
91%
16. Kujawsko-Pomorskie Toruń 195 263
91%
20. Warmińsko-Mazurskie Olsztyn 167 844
89%
14. Podkarpackie Rzeszów 197 536
89%
18. Swietokrzyskie Kielce 183 147
87%
15. Mazowieckie Radom 196 918
86%
24. Lubuskie Zielona Góra 139 132
86%
29. Lubuskie Gorzów Wielkopolski 115 847
83%
13. Śląskie Częstochowa 207 117
80%
19. Śląskie Gliwice 170 457
79%
31. Warmińsko-Mazurskie Elbląg 113 195
76%
17. Śląskie Sosnowiec 188 151
76%
22. Śląskie Zabrze 154 642
75%
33. Zachodnio-Pomorskie Koszalin 105 905
74%
32. Mazowieckie Płock 111 927
73%
50. Podlaskie Suwałki 68 434
73%
21. Śląskie Bielsko-Biała 166 189
71%
36. Śląskie Chorzów 101 184
71%
34. Małopolskie Tarnów 103 515
71%
23. Śląskie Bytom 148 687
68%
37. Dolnośląskie Wałbrzych 101 082
68%
38. Wielkopolskie Kalisz 93 681
67%
39. Dolnośląskie Legnica 92 568
66%
28. Śląskie Tychy 122 605
65%
35. Kujawsko-Pomorskie Włocławek 101 450
65%
46. Dolnośląskie Jelenia Góra 75 429
64%
25. Śląskie Rybnik 131 323
64%
30. Śląskie Dąbrowa Górnicza 114 148
63%
48. Wielkopolskie Piła 70 361
62%
44. Małopolskie Nowy Sącz 80 446
60%
42. Pomorskie Słupsk 86 027
60%
40. Kujawsko-Pomorskie Grudziądz 89 081
59%
26. Śląskie Ruda Śląska 131 062
57%
45. Mazowieckie Siedlce 75 502
55%
49. Wielkopolskie Ostrów Wielkopolski 69 477
53%
47. Śląskie Mysłowice 71 473
44%
43. Śląskie Jastrzębie-Zdrój 82 788
42%
41. Śląskie Jaworzno 87 166
41%
Nie znaleziono quizów pasujących do podanych kryteriów
Rozkład punktacji
Procent ludzi z każdym wynikiem
Percentyl według liczby udzielonych odpowiedzi
Twoja historia wyników
Nie rozwiązałeś tego quizu